Logique - Mort Subite #28 - Statistiques

Statistiques générales
  • Ce quiz a été pris 115 fois
  • Le résultat moyen est 8 sur 21
Answers on the Grid
Answers color-coded by a green-red scale on the quiz's grid according to % correct below.
Mortal Kombat
Olivia Holt
Thierry Henry
Karim Benzema
Lucas Créange
Michel Sardou
Simon Soulard
Zinedine Zidane
Tourtel Twist
Didier Deschamps
Beghin Say
Claire Chazal
Clément Depourcq
René Roux
Black Ops
Laura Laune
Marc Marquez
Aurelia Aubert
Boris Vian
Katy Perry
Ordinateur Optionnel
Janet Jackson
Bérénice Bejo
Table Ronde
Caillou Plat
Philippe Poutou
Fernando Alonso
Paul Pogba
Frédéric François
Maxime Pellet
Alexander Albon
Ford Fiesta
Marilyn Monroe
Cinquième Candidat
Bridge Belote
Claudio Capéo
 
Statistiques - réponses
Réponse % Correct
Paul Pogba
55%
Zinedine Zidane
55%
Janet Jackson
50%
Claire Chazal
41%
Didier Deschamps
41%
Ford Fiesta
41%
Ordinateur Optionnel
41%
Cinquième Candidat
36%
Claudio Capéo
36%
Marilyn Monroe
36%
Philippe Poutou
36%
René Roux
36%
Simon Soulard
36%
Alexander Albon
32%
Aurelia Aubert
32%
Bérénice Bejo
32%
Bridge Belote
32%
Frédéric François
32%
Laura Laune
32%
Marc Marquez
32%
Tourtel Twist
32%
Aucun quiz correspondant
Distribution des résultats
% des personnes avec chaque résultat
Percentile par nombre de réponses
Votre historique - résultats
Vous n’avez pas pris ce quiz